Similar Logos Quiz Stats

 Plays Quiz Updated Sep 26, 2017

Challenge
Share
Tweet
Score 0/13 Timer 04:00
9 Plays Today
% Correct
Yes! Logo B is Pepsi. (A is Barack Obama.)
97.9%
Yes! Logo B is Target. (A is Beats.)
95.6%
Yes! Logo A is PayPal. (B is Pandora.)
94.3%
Yes! Logo A is Chanel. (B is Gucci.)
92.8%
Yes! Logo A is WWE. (B is Whataburger.)
88.5%
Yes! Logo B is Xerox. (A is Xbox.)
86.8%
Yes! Logo B is Shazam. (A is Squarespace.)
86.8%
Yes! Logo A is Marmot. (B is Motorola).
82.3%
Yes! Logo B is Columbia. (A is Sun Microsystems.)
80.2%
Yes! Logo A is Delta. (B is Citgo.)
79.2%
Yes! Logo A is Walgreens. (B is the Washington Nationals.)
77.9%
Yes! Logo B is Alabama. (A is the Atlanta Braves.)
71.9%
Yes! Logo A is Bentley. (B is Mini.)
48.2%

You're not logged in!

Compare scores with friends on all Sporcle quizzes.
Join for Free
OR
Log In

You Might Also Like...

Show Comments

Extras

Top Quizzes Today


Score Distribution

Your Account Isn't Verified!

In order to create a playlist on Sporcle, you need to verify the email address you used during registration. Go to your Sporcle Settings to finish the process.

Report this User

Report this user for behavior that violates our Community Guidelines.

Details: